Australia... or New Zealand? - Statistics

General Stats
  • This quiz has been taken 61,017 times
    59,414 since last reset
  • The average score is 11 of 15
Answer Stats
Question Answer % Correct
Has the larger land area Australia
100%
Has the higher average temperature Australia
94%
Has an indigenous language as one of its official languages New Zealand
88%
Has the Southern Cross (Crux) on its flag Both
87%
Has the most glaciers of the two countries New Zealand
85%
Has been inhabited for longer Australia
77%
Its capital is not one of its five largest cities Australia
76%
Has the highest mountain of the two countries New Zealand
75%
Was the first modern-day country to adopt women's suffrage New Zealand
71%
Received British convicts at colonial penal settlements Australia
68%
Fought in World War I and World War II Both
61%
Has won the Rugby World Cup Both
60%
Has indigenous marsupial mammals Australia
56%
Has indigenous flightless terrestrial birds Both
56%
Has more sheep than people Both
16%
No matching quizzes found
Score Distribution
Percent of People with Each Score
Percentile by Number Answered
Your Score History
You have not taken this quiz since the last reset